<?xml version="1.0" encoding="utf-8"?>
<?xml-stylesheet type='text/xsl' href='./oai2.xsl'?>
<OAI-PMH xmlns="http://www.openarchives.org/OAI/2.0/" xmlns:xsi="http://www.w3.org/2001/XMLSchema-instance" xsi:schemaLocation="http://www.openarchives.org/OAI/2.0/ http://www.openarchives.org/OAI/2.0/OAI-PMH.xsd">
  <responseDate>2026-04-28T17:09:31Z</responseDate>
  <request verb="GetRecord" metadataPrefix="marcxml" identifier="isil_DE-MUS-163517_kenom_36929">https://kulturerbe.niedersachsen.de/oai</request>
  <GetRecord>
    <record>
      <header>
        <identifier>isil_DE-MUS-163517_kenom_36929</identifier>
        <datestamp>2014-10-28T11:31:50Z</datestamp>
        <setSpec>slg0021</setSpec>
      </header>
      <metadata>
        <marc:record xmlns:marc="http://www.loc.gov/MARC21/slim" xsi:schemaLocation="http://www.loc.gov/MARC21/slim http://www.loc.gov/standards/marcxml/schema/MARC21slim.xsd">
          <marc:leader>12345nrm  22     uu 4500</marc:leader>
          <marc:controlfield tag="001">36929</marc:controlfield>
          <marc:controlfield tag="005">2014-09-18T14:45:00</marc:controlfield>
          <marc:controlfield tag="008">|           ||||||||||||||||||||||</marc:controlfield>
          <marc:datafield tag="245" ind1="1" ind2="0">
            <marc:subfield code="a">Malteser-Ritterorden (Insel Malta); Zecchino, Dukaten, Zechine</marc:subfield>
          </marc:datafield>
          <marc:datafield tag="700" ind1="1" ind2=" ">
            <marc:subfield code="a">Loubenx de Verdalle</marc:subfield>
            <marc:subfield code="d">* 1531 † 1595</marc:subfield>
            <marc:subfield code="e">Münzherr</marc:subfield>
          </marc:datafield>
          <marc:datafield tag="655" ind1=" " ind2="7">
            <marc:subfield code="a">Münzen, Medaillen, Geldscheine</marc:subfield>
          </marc:datafield>
          <marc:datafield tag="046" ind1=" " ind2=" ">
            <marc:subfield code="k">1582</marc:subfield>
            <marc:subfield code="k">1582 - 1595</marc:subfield>
            <marc:subfield code="l">1595</marc:subfield>
          </marc:datafield>
          <marc:datafield tag="260" ind1=" " ind2=" ">
            <marc:subfield code="g">1582</marc:subfield>
            <marc:subfield code="g">1595</marc:subfield>
            <marc:subfield code="g">1582 - 1595</marc:subfield>
          </marc:datafield>
          <marc:datafield tag="300" ind1=" " ind2=" ">
            <marc:subfield code="a">Ø 22 mm; Gewicht: 3,42 g</marc:subfield>
          </marc:datafield>
          <marc:datafield tag="520" ind1=" " ind2=" ">
            <marc:subfield code="a">Der Malteser-Ritterorden besaß die namensgebende Insel Malta von 1530 bis 1798. Malta war britisch von 1800 bis 1964. Seit 2008 ist der Euro gesetzliches Zahlungsmittel auf Malta.

Der Ritterorden besteht noch heute, ohne aber über ein Staatsgebiet zu verfügen. Im Jahre 1961 nahm er die 1798 eingestellte Münzprägung wieder auf. Bei den modernen Stücken handelt es sich aber nicht um Geld, sondern um Pseudomünzen für Sammler.

Fra Hugues, Kardinal Loubenx de Verdale (auch Loubens oder Hugo Lobesius Verdalius (* 13. April 1531 Loubens, † 4. Mai 1595 Rom), 1582 Großmeister, ab 1587 Kardinal. Sein Vorgänger verstarb am 12. Dezember 1581 in Rom. Sein Geburtsort, die Burg Loubens liegt in der Gascogne.</marc:subfield>
          </marc:datafield>
          <marc:datafield tag="773" ind1="0" ind2=" ">
            <marc:subfield code="t">Münzkabinett</marc:subfield>
          </marc:datafield>
          <marc:datafield tag="852" ind1=" " ind2=" ">
            <marc:subfield code="a">Niedersächsisches Landesmuseum Hannover</marc:subfield>
          </marc:datafield>
          <marc:datafield tag="" ind1=" " ind2=" ">
            <marc:subfield code="a">Namensnennung 4.0 International (CC BY 4.0)</marc:subfield>
          </marc:datafield>
        </marc:record>
      </metadata>
    </record>
  </GetRecord>
</OAI-PMH>
